|
|
|
|
| LEADER |
00000nam a2200000 a 4500 |
| 001 |
vtls009168671 |
| 003 |
SK-MaSNL |
| 005 |
20260302005528.0 |
| 008 |
200318s2007 xo o g 001 0 slo |
| 015 |
|
|
|a SNBA2008/07-03878
|
| 020 |
|
|
|a 9788089272181
|q (viaz.)
|
| 035 |
|
|
|a urn:nbn:sk:snk-am00a1iw
|
| 035 |
|
|
|a urn:nbn:sk:snk-am3hd71
|
| 035 |
|
|
|a 5CD593A7-E70D-4FEC-8C84-E8D7E6097B67
|
| 040 |
|
|
|a SNK
|b slo
|c SNK
|e AACR2
|
| 041 |
1 |
|
|a slo
|h eng
|
| 044 |
|
|
|a xo
|c SK
|
| 072 |
|
7 |
|a 641
|x Kuchárstvo. Potraviny. Varené jedlá
|2 konspekt
|
| 080 |
|
|
|a 641.85:663.91
|2 2001
|
| 080 |
|
|
|a 663.918.5
|2 2001
|
| 080 |
|
|
|a (083.12)
|2 2001
|
| 130 |
4 |
|
|a The golden book of chocolate
|l Slovensky
|9 647097
|
| 245 |
0 |
0 |
|a Čokoláda
|c [z anglického originálu preložili Hilda Holinová a Nataša Holinová]
|
| 250 |
|
|
|a [1. vyd.]
|
| 260 |
|
|
|a Bratislava
|b Belimex
|c 2007
|
| 300 |
|
|
|a 703 s.
|b fareb. fotogr.
|c 22 cm
|
| 504 |
|
|
|a Reg.
|
| 650 |
0 |
7 |
|a čokoláda (kuchárstvo)
|2 SNKPH
|9 78921
|
| 650 |
0 |
7 |
|a čokoládové cukrovinky
|2 SNKPH
|9 109191
|
| 655 |
|
7 |
|a kuchárske recepty
|2 SNKPH
|9 70493
|
| 700 |
1 |
|
|a Holinová, Hilda,
|d 1934-2013
|4 trl
|9 86585
|
| 700 |
1 |
|
|a Holinová, Nataša
|4 trl
|9 65539
|
| 919 |
|
|
|a 978-80-89272-18-1
|
| 958 |
|
|
|a OP
|
| 958 |
|
|
|a OND
|
| 968 |
|
|
|b ENG
|d 64
|
| 999 |
|
|
|c 999821
|d 1001751
|
| 952 |
|
|
|a SNK
|b SNK
|y PREZ
|7 0
|p 17A0573605
|o snkSC 130237
|i snk2007/27433
|8 0
|0 0
|1 0
|4 0
|d 2007-12-19
|f 1
|l 0
|r 2025-06-19 00:00:00
|w 2026-02-24
|
| 952 |
|
|
|a SNK
|b SNK
|y VYP
|7 0
|p 17A0573604
|o snkSC 130237 D1
|i snk2007/27434
|8 0
|0 0
|1 0
|4 0
|d 2007-12-19
|l 0
|r 2026-02-24 12:16:11
|w 2026-02-24
|